| 000 -LEADER |
| fixed length control field |
00618cam a22001817a 4500 |
| 008 - FIXED-LENGTH DATA ELEMENTS--GENERAL INFORMATION |
| fixed length control field |
180718b xxu||||| |||| 00| 0 eng d |
| 020 ## - INTERNATIONAL STANDARD BOOK NUMBER |
| International Standard Book Number |
9788189265038 |
| 082 ## - DEWEY DECIMAL CLASSIFICATION NUMBER |
| Classification number |
T254 El39t |
| 100 ## - MAIN ENTRY--PERSONAL NAME |
| Personal name |
El-Homsi, Hubert K. Rampersad |
| 245 ## - TITLE STATEMENT |
| Title |
TPS-Lean six sigma : linking human capital to lean six sigma |
| Statement of responsibility, etc. |
by Hubert K. Rampersad and Anwar El-Homsi |
| 260 ## - PUBLICATION, DISTRIBUTION, ETC. |
| Place of publication, distribution, etc. |
New Delhi |
| Name of publisher, distributor, etc. |
Sara Books |
| Date of publication, distribution, etc. |
|
| 300 ## - PHYSICAL DESCRIPTION |
| Extent |
373p. |
| 650 ## - SUBJECT ADDED ENTRY--TOPICAL TERM |
| Topical term or geographic name entry element |
Organizational effectiveness |
| 650 ## - SUBJECT ADDED ENTRY--TOPICAL TERM |
| Topical term or geographic name entry element |
Goal setting in personnel management |
| 650 ## - SUBJECT ADDED ENTRY--TOPICAL TERM |
| Topical term or geographic name entry element |
Employee motivation |
| 650 ## - SUBJECT ADDED ENTRY--TOPICAL TERM |
| Topical term or geographic name entry element |
Six sigma (Quality control standard) |
| 650 ## - SUBJECT ADDED ENTRY--TOPICAL TERM |
| Topical term or geographic name entry element |
Total quality management |